000
00311nam a22001337a 4500
008
181002b xxu||||| |||| 00| 0 eng d
020
_a
9780471148876
041
_a
eng
080
_2
3rd
_a
159.9
100
_a
49
101
_a
PSI
245
_a
Counselling the culturally different
_c
Sue,D.W
942
_2
udc
_c
BK
999
_c
48772
_d
48772